000 00955cam a22002295a 4500
001 L138197
008 070521s2007 xxk f 000 0 eng d
020 _a9781904829546
035 _a(Sirsi) u138197
041 0 _aeng
050 0 4 _a690.24 $2 18
110 2 _aBuilding Maintenance Information
_93229
245 0 0 _aReview of rehabilitation costs
260 _aLondon
_bBCIS
_c2007
300 _a13p.
_c30cm.
490 0 _aBMI Special Report
_v359
520 _aProvides information on the average amount spent on the rehabilitation of existing buildings. The study is based on the analysis of contracts for nearly 2 700 building projects. All costs have been converted to the third quarter 2006 levels using the BCIS Tender Price Index and to average UK pricing using the BCIS location factors.
590 _aKA
651 4 _aUNITED KINGDOM
690 _aBUILT ENVIRONMENT-BUILDING MAINTENANCE AND REFURBISHMENT-MAINTENANCE COSTS
942 _n0
999 _c107054
_d107054